Diplomatické styky Slovenskej republiky s Vatikánom v ich historickom kontexte

Historický pohľad na diplomatické styky Slovenskej republiky a Vatikánu.

Uložené v:
Podrobná bibliografia
Hlavný autor: Vokálová, Emília
Médium: Kapitola
Jazyk:Slovak
Predmet:
Tagy: Pridať tag
Žiadne tagy, Buďte prvý, kto otaguje tento záznam!

MARC

LEADER 00000naa$a2200000$$$4500
001 0085039
005 20240502071951.6
041 0 |a slo 
044 |a SK 
245 1 0 |a Diplomatické styky Slovenskej republiky s Vatikánom v ich historickom kontexte  |c Emília Vokálová 
520 |a Historický pohľad na diplomatické styky Slovenskej republiky a Vatikánu. 
610 2 0 |a Vatikán 
610 2 0 |a Slovensko 
610 2 0 |a vzťahy politické medzinárodné 
610 2 0 |a diplomacia 
100 1 |a Vokálová, Emília